El Señor Chofer : (Record no. 22702)

000 -CABECERA
fixed length control field 01192nam a22002537i 4500
003 - IDENTIFICADOR DEL NÚMERO DE CONTROL
control field AR-CdUCM
008 - DATOS DE LONGITUD FIJA--INFORMACIÓN GENERAL
fixed length control field 231003b20212021pe aod|fr|||| 00| 0 spa d
040 ## - FUENTE DE LA CATALOGACIÓN
Agencia/entidad que catalogó originalmente la obra MUNICIPALIDAD PROVINCIAL DEL CUSCO
Entidad que transcribió la catalogación BIBLIOTECA MUNICIPAL DEL CUSCO
082 ## - NÚMERO DE LA CLASIFICACIÓN DECIMAL DEWEY
No. de Clasificación 629.283 / A53
Notacion interna A53
100 ## - ENTRADA PRINCIPAL--NOMBRE DE PERSONA
Nombre Personal Delgado Aedo, Félix Washington
245 ## - MENCIÓN DE TÍTULO
Título El Señor Chofer :
Resto del título Manual teórico práctico /
Mención de responsabilidad Delgado Aedo, Félix Washington
260 ## - PUBLICACIÓN, DISTRIBUCIÓN, ETC.
Lugar de publicación, distribución, etc. Cusco :
Nombre de la editorial, distribuidor, etc. Alpha Servicios Gráficos S.R.L.,
Fecha de publicación, distribución, etc. 2021.
300 ## - DESCRIPCIÓN FÍSICA
Nº de Páginas Extensión 284 páginas. :
Otros detalles físicos Ilustraciones,
Dimensiones 21 cm.
500 ## - NOTA GENERAL
Bibliografía bibliografía: páginas: 282-284
505 ## - NOTA DE CONTENIDO CON FORMATO
Nota de contenido formateada La denominación correcta -- Choferes de vocación -- Choferes indolentes -- Choferes democráticos -- Choferes y los cuatro sentidos que mas desarrollan -- Seguridad vial -- Competencias del Ministerio de Transporte y Comunicaciones -- SUTRAN -- Accidentes de tránsito -- Infracciones de tránsito -- Sanciones.
650 ## - PUNTO DE ACCESO ADICIONAL DE MATERIA--TÉRMINO DE MATERIA
Descriptor Tránsito urbano
9 (RLIN) 48901
650 ## - PUNTO DE ACCESO ADICIONAL DE MATERIA--TÉRMINO DE MATERIA
Descriptor Tipos de choferes
9 (RLIN) 48902
650 ## - PUNTO DE ACCESO ADICIONAL DE MATERIA--TÉRMINO DE MATERIA
Descriptor Sistema de transporte
9 (RLIN) 48903
650 ## - PUNTO DE ACCESO ADICIONAL DE MATERIA--TÉRMINO DE MATERIA
Descriptor Infracciones
9 (RLIN) 48904
650 ## - PUNTO DE ACCESO ADICIONAL DE MATERIA--TÉRMINO DE MATERIA
Descriptor Reglas de tránsito
9 (RLIN) 48905
942 ## - ELEMENTOS DE PUNTO DE ACCESO ADICIONAL (KOHA)
Fuente de clasificación
Tipo de item Libros-BMC
945 ## - PROCESAMIENTO DE INFORMACIÓN LOCAL (OCLC)
Catalogador pebm
AAAA-MM-DD - Fecha de ingreso o modificacion 2023-10-03
Holdings
Estado de retiro (separado) Fuente de clasificación o esquema de estanterías Estado dañado Ubicación Sala donde se ubica Nombre de la colección Fecha de adquisición o compra Fuente de adquisición Costo, precio normal en soles Signatura topográfica Código de Barras Última vez visto (Koha) Tipo de ítem (Koha)
No     Sala Ciencias Sala Ciencias Book Cart 2023-10-03 Donación 25.00 629.283 / A53 SC0000002367 2023-10-03 Libros-BMC

Powered by Koha